00335nam a22001097a 4500020001800000082000800018100001900026245006800045260007600113300002100189500001500210 a9789698453022 a620 aAbid, Muhammad aInternational Symposium on Frontiers of Computational Sciences  aKhyber Pakhtunkhwa :bFaculty of Mechanical Engineering GIKIEST,c2012. a387 p. ;b28 cm. aPaperback.